01108nam a2200265 a 450000100100000000500170001000800410002702000150006804000250008310000290010824000500013724501390018726000310032630000290035749000230038650000210040950400340043050000700046450400730053450000550060770000290066283000290069195201050072099900170082500004335620201002040836.0140311s1979 sp 001 0 spa d a8434465140 aDO-SdBNPbspacBNPHU1 aVovelle, Michelle97100710aLa chute de la monarcie, 1787-1792lespañol13aNueva historia de la Francia contemporánea :bla Caída de la Monarquía 1787-1792 /cMichel Vovelle; traducción de Clara Camps. aBarcelona :bAriel,c1979. a313 p. :bil., ;c23 cm.1 aAriel Historiav26 aIncluye índice aBibliografía : p. [295]-302 aIncluye datos biográficos del autor en la solapa de la cubierta aIncluye referencias bibliográficas y notas al pie de las páginas aUn solvente estudio sobre la revolución francesa1 aCamps, Claraetr.971008 0aAriel Historiav2699024 001050718MOaGRbGRcCTd2014-03-11iLF1l0o p43356-10r2020-06-25w2020-06-25y1ZNo se presta c42845d42845